Word Puzzles - Countries #2 - Statistics

General Stats
  • This quiz has been taken 44,369 times
  • The average score is 10 of 20
Answer Stats
Word Puzzle Solution Country % Correct
Sheep Sound + Precipitation Baa + Rain Bahrain
90%
Everest, Fuji, Etc. + Spanish for Black Mountain + Negro Montenegro
84%
Intense Dislike + Common Hot Beverage Hate + Tea Haiti
82%
Black Bird + Largest Continent Crow + Asia Croatia
69%
Hand-Thrown Explosive + Dunce Word Grenade + Duh Grenada
67%
Fox Shelter + Counterpart to Matthew, Luke, and John Den + Mark Denmark
60%
English Anarchist Fawkes + Actress Kendrick Guy + Anna Guyana
59%
Take to Court + Comedian Aykroyd Sue + Dan Sudan
58%
Hunger Games Nation + Pa's Wife Panem + Ma Panama
51%
Men's Neckwear + Coffee Farmer Valdez Tie + Juan Taiwan
50%
Short Punch + Pirate's Treasure Jab + Booty Djibouti
44%
Magnet End + Terra Firma Pole + Land Poland
44%
Make a Potion + "Science Guy" Bill Brew + Nye Brunei
42%
Church Ringer + Precious Stone Bell + Gem Belgium
41%
Cambridge's River + To Abandon on a Deserted Isle Cam + Maroon Cameroon
37%
Chinese "Life Force" + Hawaiian Garland Chi + Lei Chile
35%
Female Sheep + Large Wading Bird Ewe + Crane Ukraine
31%
Speak + Common Beachcomber Finds Say + Shells Seychelles
29%
Pre-Conjunction Punctuation + Valentine Flower Comma + Rose Comoros
28%
Idle Chatter + Light Switch Word Gab + On Gabon
13%
No matching quizzes found
Score Distribution
Percent of People with Each Score
Percentile by Number Answered
Your Score History
You have not taken this quiz